[Event "St Louis Summer B"]
[Site "Saint Louis USA"]
[Date "2018.05.15"]
[Round "1.1"]
[White "Dragun, Kamil"]
[Black "Saduakassova, Dinara"]
[Result "1-0"]
[WhiteTitle "GM"]
[BlackTitle "IM"]
[WhiteElo "2591"]
[BlackElo "2484"]
[WhiteFideId "1134167"]
[BlackFideId "13700090"]
[EventDate "2018.05.15"]

1. d4 Nf6 2. c4 e6 3. Nf3 b6 4. g3 Bb7 5. Bg2 Bb4+ 6. Nbd2 c5 7. a3 Bxd2+ 8.
Qxd2 cxd4 9. Qxd4 Nc6 10. Qh4 Ne5 11. Nxe5 Bxg2 12. Rg1 Qc7 13. Ng4 Nxg4 14.
Qxg4 Bb7 15. Qxg7 O-O-O 16. Be3 d6 17. Qc3 e5 18. Rc1 Kb8 19. f3 Qd7 20. Qb4 Rc8
21. Rd1 Rc6 22. a4 Qe6 23. b3 f5 24. a5 bxa5 25. Qxa5 Ra6 26. Qc3 Re8 27. Ra1
Rxa1+ 28. Qxa1 a6 29. Qd1 h5 30. Qd2 Rg8 31. Kf2 h4 32. Bg5 hxg3+ 33. hxg3 Rh8
34. Rd1 Rh5 35. Bh4 Rh6 36. Qg5 e4 37. Qf4 Ka8 38. b4 Rh8 39. Qxd6 Qxc4 40. Qd4
Qxd4+ 41. Rxd4 exf3 42. exf3 Rc8 43. Bg5 Rc2+ 44. Bd2 Rb2 45. g4 fxg4 46. fxg4
Bc8 47. g5 Bf5 48. Rd5 Be4 49. Rd6 Kb7 50. Ke3 Bc6 51. g6 Rb3+ 52. Kf4 Rf3+ 53.
Kg4 Rf2 54. Bf4 Bb5 55. Rd4 Ba4 56. g7 Bb3 57. Rd8 Rg2+ 58. Bg3 Rb2 59. Kf3 Kc6
60. Be1 Rb1 61. Kf2 Rb2+ 62. Kf1 Bc4+ 63. Kg1 Rb1 64. Kf2 Rb2+ 65. Kf3 Rb3+ 66.
Kf4 Kb5 67. g8=Q Bxg8 68. Rxg8 Kc4 69. Ke4 Rb1 70. Rc8+ Kb5 71. Bd2 1-0

[Event "St Louis Summer B"]
[Site "Saint Louis USA"]
[Date "2018.05.15"]
[Round "1.2"]
[White "Abrahamyan, Tatev"]
[Black "Matsenko, Sergei"]
[Result "1/2-1/2"]
[WhiteTitle "WGM"]
[BlackTitle "GM"]
[WhiteElo "2366"]
[BlackElo "2563"]
[WhiteFideId "13301918"]
[BlackFideId "4170083"]
[EventDate "2018.05.15"]

1. e4 e6 2. d4 d5 3. Nc3 Bb4 4. exd5 exd5 5. Bd3 Nc6 6. a3 Ba5 7. Ne2 Nge7 8.
O-O O-O 9. Na4 Bf5 10. Bf4 Qc8 11. b4 Bb6 12. Nxb6 axb6 13. Re1 Qd7 14. Qd2 Rfe8
15. Bb5 Ng6 16. Bg3 Re7 17. a4 Qc8 18. Bxc6 bxc6 19. a5 Qa6 20. Nf4 Rxe1+ 21.
Qxe1 Bxc2 22. Nxg6 Bxg6 23. Bxc7 bxa5 24. bxa5 Qc8 25. Bd6 h6 26. h3 Qd7 27. Be5
f6 28. Bf4 Qf5 29. Bd6 Qd3 30. Qb4 Kh7 31. Bc5 Qa6 32. Bb6 Re8 33. Qc3 Re6 34.
Bc7 Bd3 35. Re1 Qc4 36. Rc1 Qxc3 37. Rxc3 Bb5 38. Ra3 Ba6 39. Rb3 Bb5 40. Ra3 1/2-1/2

[Event "St Louis Summer B"]
[Site "Saint Louis USA"]
[Date "2018.05.15"]
[Round "1.3"]
[White "Friedel, Joshua"]
[Black "Ramirez, Alejandro"]
[Result "1/2-1/2"]
[WhiteTitle "GM"]
[BlackTitle "GM"]
[WhiteElo "2562"]
[BlackElo "2572"]
[WhiteFideId "2017199"]
[BlackFideId "6500617"]
[EventDate "2018.05.15"]

1. d4 Nf6 2. c4 c6 3. Nf3 d5 4. Nc3 a6 5. Qc2 g6 6. e4 dxe4 7. Nxe4 Bg7 8. Be2
O-O 9. O-O Bf5 10. Nxf6+ Bxf6 11. Qb3 Qc7 12. h3 Nd7 13. Rd1 b5 14. Bh6 Rfc8 15.
c5 Be6 16. Qe3 Bd5 17. Bf4 Qa7 18. a4 Qb7 19. b4 Nf8 20. Ra3 Ne6 21. Be5 Rd8 22.
Nh2 Bxe5 23. dxe5 Bc4 24. Nf3 Rxd1+ 25. Bxd1 Rd8 26. Bc2 a5 27. Qe1 bxa4 28.
Rxa4 axb4 29. Rxb4 Qa6 30. Qc3 Bd5 31. Be4 Bxe4 32. Rxe4 Rd1+ 33. Re1 Rd5 34.
Ra1 Qe2 35. Qb4 Rd1+ 36. Rxd1 Qxd1+ 37. Kh2 Qd5 38. Qb8+ Kg7 39. Qa7 Qxc5 40.
Qxc5 Nxc5 41. Nd4 Nd3 42. Nxc6 Nxf2 43. Nxe7 Nd3 44. Nc6 Kf8 45. g4 Ke8 46. Kg3
Kd7 47. Nd4 Nxe5 48. h4 f6 49. Kf4 Nc6 50. Nb5 Ke6 51. Nc7+ Kd6 52. Nb5+ Ke7 53.
Ke4 Nd8 54. Nc7 Ne6 55. Nd5+ Kf7 56. Ne3 Nc7 57. Ng2 Ke6 58. Nf4+ Kd6 59. Ne2
Ne6 60. Nc3 Ng7 61. Kf4 h6 62. Ne4+ Ke6 63. Nc3 h5 64. Ne2 Kd5 65. Kg3 Ne6 66.
gxh5 gxh5 67. Kf2 Ng7 68. Kf3 Ke5 69. Ng3 f5 70. Ne2 Ne6 71. Ng3 Nf4 72. Kf2 Ng6
73. Nxh5 Nxh4 1/2-1/2

[Event "St Louis Summer B"]
[Site "Saint Louis USA"]
[Date "2018.05.15"]
[Round "1.4"]
[White "Aghasaryan, Robert"]
[Black "Stukopin, Andrey"]
[Result "1/2-1/2"]
[WhiteTitle "GM"]
[BlackTitle "GM"]
[WhiteElo "2532"]
[BlackElo "2580"]
[WhiteFideId "13302841"]
[BlackFideId "24107131"]
[EventDate "2018.05.15"]

1. d4 Nf6 2. c4 e6 3. Nf3 d5 4. g3 Bb4+ 5. Nbd2 dxc4 6. Qc2 b5 7. a4 c6 8. Bg2
a5 9. O-O O-O 10. b3 c3 11. Nb1 bxa4 12. bxa4 Bb7 13. Rd1 c5 14. Nxc3 Na6 15.
Bg5 cxd4 16. Nxd4 Bxg2 17. Kxg2 Bxc3 18. Qxc3 Ne4 19. Qe3 Nxg5 20. Nf3 Qe7 21.
Qxg5 Qxg5 22. Nxg5 Nc5 23. Nf3 Rfd8 24. Rdb1 Rab8 25. Rxb8 Rxb8 26. Ne5 f6 27.
Nc4 Rb4 28. Nxa5 Rxa4 29. Rxa4 Nxa4 30. e4 Nc5 1/2-1/2

[Event "St Louis Summer B"]
[Site "Saint Louis USA"]
[Date "2018.05.15"]
[Round "1.5"]
[White "Belous, Vladimir"]
[Black "Ali Marandi, Cemil Can"]
[Result "0-1"]
[WhiteTitle "GM"]
[BlackTitle "GM"]
[WhiteElo "2585"]
[BlackElo "2521"]
[WhiteFideId "4174003"]
[BlackFideId "6300529"]
[EventDate "2018.05.15"]

1. Nf3 Nf6 2. d4 d5 3. c4 c6 4. e3 e6 5. Nc3 Nbd7 6. Bd3 dxc4 7. Bxc4 b5 8. Be2
Bb7 9. O-O a6 10. e4 b4 11. e5 bxc3 12. exf6 Nxf6 13. bxc3 Bd6 14. Rb1 Qc7 15.
c4 c5 16. dxc5 Bxc5 17. Bf4 Qc8 18. Ne5 O-O 19. Bf3 Ra7 20. Qe2 Nd7 21. Nd3 Bxf3
22. Qxf3 Be7 23. c5 e5 24. Qe3 Bxc5 25. Nxc5 exf4 0-1

[Event "St Louis Summer B"]
[Site "Saint Louis USA"]
[Date "2018.05.16"]
[Round "2.1"]
[White "Saduakassova, Dinara"]
[Black "Ali Marandi, Cemil Can"]
[Result "1/2-1/2"]
[WhiteTitle "IM"]
[BlackTitle "GM"]
[WhiteElo "2484"]
[BlackElo "2521"]
[WhiteFideId "13700090"]
[BlackFideId "6300529"]
[EventDate "2018.05.15"]

1. d4 d5 2. c4 c6 3. Nf3 Nf6 4. Nbd2 Bf5 5. Nh4 Bc8 6. e3 e6 7. Nhf3 Nbd7 8. b3
Bd6 9. Bb2 O-O 10. Bd3 b6 11. O-O Bb7 12. Ne5 c5 13. cxd5 Bxd5 14. Nxd7 Nxd7 15.
dxc5 Nxc5 16. Qg4 e5 17. Bc4 Bb7 18. Rad1 Qe7 19. b4 Nd7 20. Ne4 Bxe4 21. Qxe4
Nf6 22. Qf5 Rad8 23. a3 Bb8 24. Bb3 h6 25. g3 a5 26. bxa5 bxa5 27. Rxd8 Rxd8 28.
Rd1 Rxd1+ 29. Bxd1 Qd7 30. Qc2 g6 31. Bf3 Bd6 32. Qc4 Qc7 33. Qb5 Qb8 34. Bb7
Ne4 35. a4 Nc5 36. Bc6 Qxb5 37. Bxb5 Kf8 38. Bc3 1/2-1/2

[Event "St Louis Summer B"]
[Site "Saint Louis USA"]
[Date "2018.05.16"]
[Round "2.2"]
[White "Stukopin, Andrey"]
[Black "Belous, Vladimir"]
[Result "1-0"]
[WhiteTitle "GM"]
[BlackTitle "GM"]
[WhiteElo "2580"]
[BlackElo "2585"]
[WhiteFideId "24107131"]
[BlackFideId "4174003"]
[EventDate "2018.05.15"]

1. e4 e5 2. Bc4 Nf6 3. Nc3 Nc6 4. d3 Bc5 5. Nf3 O-O 6. O-O a6 7. Nd5 Nxd5 8.
Bxd5 d6 9. Be3 Bxe3 10. fxe3 Ne7 11. Bb3 Ng6 12. Qe1 Be6 13. h4 Bxb3 14. axb3 f5
15. exf5 Rxf5 16. Qb4 Rb8 17. e4 Rf7 18. Ng5 Rxf1+ 19. Rxf1 b5 20. Qa5 Rb6 21.
b4 h6 22. Qa2+ d5 23. Nf7 Qxh4 24. Qxd5 Kh7 25. Qd8 Qg4 26. Rf3 Re6 27. Nxh6
Kxh6 28. Rh3+ Qxh3 29. gxh3 Rc6 30. c3 Rd6 31. Qxc7 Rxd3 32. Qb6 Kg5 33. Qxa6
Nf4 34. Qxb5 Kh4 35. Qxd3 Nxd3 36. b5 Nc5 37. b6 Nd7 38. b7 Kg3 39. c4 Kf4 40.
c5 1-0

[Event "St Louis Summer B"]
[Site "Saint Louis USA"]
[Date "2018.05.16"]
[Round "2.3"]
[White "Ramirez, Alejandro"]
[Black "Aghasaryan, Robert"]
[Result "1/2-1/2"]
[WhiteTitle "GM"]
[BlackTitle "GM"]
[WhiteElo "2572"]
[BlackElo "2532"]
[WhiteFideId "6500617"]
[BlackFideId "13302841"]
[EventDate "2018.05.15"]

1. c4 Nf6 2. Nf3 c5 3. Nc3 d5 4. cxd5 Nxd5 5. g3 Nc6 6. Bg2 Nc7 7. O-O e5 8. Ne1
Bd7 9. Nd3 Bd6 10. Ne4 Qe7 11. b3 O-O 12. Bb2 Rad8 13. Rc1 Ne6 14. f4 exf4 15.
gxf4 Bc7 16. e3 b6 17. f5 Qh4 18. Ng3 Ng5 19. Rc4 Qh6 20. Qh5 Bxg3 21. Qxh6 gxh6
22. hxg3 Na5 23. Nf4 Bxf5 24. Nd5 Rxd5 25. Bxd5 Nxc4 26. bxc4 Be6 27. e4 Bxd5
28. exd5 Re8 29. Bf6 Re2 30. d3 Kf8 31. Rf5 Re3 32. Kf2 Rxd3 33. Ke2 Rxg3 34.
Re5 Rg2+ 35. Ke3 Rg3+ 36. Ke2 Rg2+ 37. Ke3 Rg3+ 38. Ke2 1/2-1/2

[Event "St Louis Summer B"]
[Site "Saint Louis USA"]
[Date "2018.05.16"]
[Round "2.4"]
[White "Matsenko, Sergei"]
[Black "Friedel, Joshua"]
[Result "1/2-1/2"]
[WhiteTitle "GM"]
[BlackTitle "GM"]
[WhiteElo "2563"]
[BlackElo "2562"]
[WhiteFideId "4170083"]
[BlackFideId "2017199"]
[EventDate "2018.05.15"]

1. Nf3 Nf6 2. c4 e6 3. g3 d5 4. Bg2 dxc4 5. O-O a6 6. Qc2 b5 7. Ne1 c6 8. d3
cxd3 9. Nxd3 Be7 10. a4 Bb7 11. Nd2 O-O 12. Nb3 Nbd7 13. Rd1 Qc7 14. Ndc5 Nxc5
15. Nxc5 Rac8 16. Bf4 e5 17. Bd2 Bxc5 18. Qxc5 Rfe8 19. axb5 axb5 20. Ba5 Qe7
21. Qxe7 Rxe7 22. Bd8 Rd7 23. Bxf6 Rxd1+ 24. Rxd1 gxf6 25. Rd7 Ba8 26. Ra7 Rb8
27. Rc7 Kg7 28. Bxc6 Bxc6 29. Rxc6 Rd8 30. Rb6 Rd2 31. Rxb5 Rxe2 32. Kf1 Rc2 33.
b4 Rb2 34. Rb8 f5 35. b5 e4 36. b6 Kf6 37. Ke1 Ke7 38. b7 Kf6 39. Kd1 f4 40. Kc1
Rb6 41. Kd2 e3+ 42. fxe3 fxe3+ 43. Kxe3 Kg7 44. g4 h6 45. Ke4 Rb1 46. h3 Rb2 47.
h4 Rb1 48. h5 Rb2 49. Kf4 Rb4+ 50. Kf5 Rb5+ 51. Ke4 Rb1 52. Kf5 Rb5+ 53. Ke4 1/2-1/2

[Event "St Louis Summer B"]
[Site "Saint Louis USA"]
[Date "2018.05.16"]
[Round "2.5"]
[White "Dragun, Kamil"]
[Black "Abrahamyan, Tatev"]
[Result "1-0"]
[WhiteTitle "GM"]
[BlackTitle "WGM"]
[WhiteElo "2591"]
[BlackElo "2366"]
[WhiteFideId "1134167"]
[BlackFideId "13301918"]
[EventDate "2018.05.15"]

1. d4 Nf6 2. c4 e6 3. Nf3 b6 4. g3 Bb7 5. Bg2 Be7 6. Nc3 Ne4 7. Bd2 Bf6 8. O-O
O-O 9. Rc1 d6 10. d5 Nxc3 11. Bxc3 Bxc3 12. Rxc3 e5 13. e4 a5 14. b3 Nd7 15. Ne1
Qe7 16. Nc2 g6 17. f4 f5 18. exf5 Rxf5 19. Ne3 Rff8 20. f5 Nf6 21. h4 e4 22. Qd4
Rae8 23. Rc2 Bc8 24. fxg6 hxg6 25. Rcf2 Ng4 26. Nxg4 Bxg4 27. Qxe4 Qxe4 28.
Rxf8+ Rxf8 29. Bxe4 Rxf1+ 30. Kxf1 Kf7 31. Kf2 Kf6 32. Ke3 g5 33. Bc2 gxh4 34.
gxh4 Bh5 35. Bd3 Bd1 36. Kf4 Bh5 37. a3 Bd1 38. b4 axb4 39. axb4 Bh5 40. Ke3 Bg4
41. Be2 Bf5 42. Kf4 Bc2 43. Ke3 Bf5 44. Bf3 Bc2 45. Kd4 Bf5 46. Be2 Bc2 47. Bg4
Bb1 48. Kc3 Be4 49. Kb3 Bd3 50. Kc3 Bf1 51. Kd4 Kg6 52. Bf3 Kf5 53. Bd1 Kf4 54.
Kc3 Ke5 55. Bc2 b5 56. cxb5 Kxd5 57. h5 Ke6 58. Bd3 Bg2 59. h6 Kf6 60. Kd4 Bb7
61. Bc2 Kf7 62. Be4 Bc8 63. Kc4 Kf6 64. Bd3 Be6+ 65. Kd4 Bb3 66. Bc4 Bd1 67. h7
Kg7 68. Kd5 Bf3+ 69. Ke6 Bg4+ 70. Ke7 Bf3 71. Kd7 1-0

[Event "St Louis Summer B"]
[Site "Saint Louis USA"]
[Date "2018.05.17"]
[Round "3.1"]
[White "Abrahamyan, Tatev"]
[Black "Saduakassova, Dinara"]
[Result "0-1"]
[WhiteTitle "WGM"]
[BlackTitle "IM"]
[WhiteElo "2366"]
[BlackElo "2484"]
[WhiteFideId "13301918"]
[BlackFideId "13700090"]
[EventDate "2018.05.15"]

1. e4 c5 2. Nf3 Nc6 3. d4 cxd4 4. Nxd4 g6 5. Nc3 Bg7 6. Be3 Nf6 7. Bc4 Qa5 8.
O-O O-O 9. Bb3 d6 10. h3 Bd7 11. f4 Nxd4 12. Bxd4 Bc6 13. Qd3 Rad8 14. Nd5 e5
15. Ne7+ Kh8 16. Nxc6 bxc6 17. Bc3 Qc5+ 18. Kh1 d5 19. exd5 e4 20. Qd4 Qxd4 21.
Bxd4 Nxd5 22. Bxa7 Bxb2 23. Rab1 Bc3 24. f5 g5 25. Bc4 Rfe8 26. Rb3 e3 27. Be2
Nf4 28. Rxc3 Nxe2 29. Rxe3 Rxe3 30. Bxe3 Ng3+ 31. Kg1 Nxf1 32. Kxf1 f6 33. Ke2
Ra8 34. Bd4 Kg7 35. Kd3 Rxa2 36. g4 Ra3+ 37. c3 Ra2 38. Kc4 Rh2 39. Kc5 Rxh3 40.
Kd6 c5 41. Kxc5 h5 42. gxh5 g4 43. Kd5 g3 44. Ke6 g2 45. Bxf6+ Kf8 46. Bd4 Rxc3
47. h6 Rc6+ 0-1

[Event "St Louis Summer B"]
[Site "Saint Louis USA"]
[Date "2018.05.17"]
[Round "3.2"]
[White "Friedel, Joshua"]
[Black "Dragun, Kamil"]
[Result "1/2-1/2"]
[WhiteTitle "GM"]
[BlackTitle "GM"]
[WhiteElo "2562"]
[BlackElo "2591"]
[WhiteFideId "2017199"]
[BlackFideId "1134167"]
[EventDate "2018.05.15"]

1. Nf3 Nf6 2. g3 b6 3. Bg2 Bb7 4. O-O c5 5. d3 d5 6. Nbd2 e6 7. e4 Be7 8. Qe2
O-O 9. e5 Nfd7 10. Re1 Nc6 11. h4 Qc7 12. Nf1 Rfc8 13. Bf4 d4 14. h5 h6 15. N1d2
Nb4 16. Nc4 Nd5 17. Bd2 Rab8 18. a4 a6 19. c3 dxc3 20. bxc3 Ba8 21. Nh2 b5 22.
axb5 axb5 23. Nd6 Bxd6 24. exd6 Qxd6 25. Ng4 Qf8 26. c4 bxc4 27. dxc4 N5f6 28.
Nxf6+ Nxf6 29. Bf4 Rb4 30. Bxa8 Rxa8 31. Bd6 Qc8 32. Rxa8 Qxa8 33. Bxc5 Ra4 34.
Bd4 Ra2 35. Qe5 Kh7 36. Qc7 Qa5 37. Qxa5 Rxa5 38. Rc1 Nxh5 39. c5 Ra8 40. c6 Rc8
41. c7 Kg6 42. Be5 Nf6 43. Rb1 Nd5 44. Rb8 Rxc7 45. Bxc7 Nxc7 46. Kg2 h5 47. f4
Nd5 48. Kf3 Kf6 49. Rb7 g6 50. Ra7 Ne7 51. Rb7 Nf5 52. Ra7 Nh6 53. Ra6 Ng4 54.
Ra7 e5 55. fxe5+ Nxe5+ 56. Ke4 Ng4 57. Kf4 g5+ 58. Ke4 Kg6 59. Ra6+ f6 60. Ra8
Nh6 61. Rb8 Nf5 62. Kf3 Nh6 63. Ke4 Nf5 64. Kf3 Nh6 65. Ke4 1/2-1/2

[Event "St Louis Summer B"]
[Site "Saint Louis USA"]
[Date "2018.05.17"]
[Round "3.3"]
[White "Aghasaryan, Robert"]
[Black "Matsenko, Sergei"]
[Result "1/2-1/2"]
[WhiteTitle "GM"]
[BlackTitle "GM"]
[WhiteElo "2532"]
[BlackElo "2563"]
[WhiteFideId "13302841"]
[BlackFideId "4170083"]
[EventDate "2018.05.15"]

1. Nf3 Nf6 2. c4 e6 3. g3 d5 4. d4 dxc4 5. Bg2 a6 6. O-O Nc6 7. e3 Rb8 8. Nfd2
e5 9. Bxc6+ bxc6 10. dxe5 Ng4 11. Nxc4 Be6 12. Qxd8+ Rxd8 13. Nbd2 Bb4 14. b3 h5
15. h4 O-O 16. Nf3 Bd5 17. Nfd2 Be6 18. Nf3 Bd5 19. Nfd2 Be6 20. Nf3 1/2-1/2

[Event "St Louis Summer B"]
[Site "Saint Louis USA"]
[Date "2018.05.17"]
[Round "3.4"]
[White "Belous, Vladimir"]
[Black "Ramirez, Alejandro"]
[Result "0-1"]
[WhiteTitle "GM"]
[BlackTitle "GM"]
[WhiteElo "2585"]
[BlackElo "2572"]
[WhiteFideId "4174003"]
[BlackFideId "6500617"]
[EventDate "2018.05.15"]

1. d4 e6 2. c4 b6 3. e4 Bb7 4. f3 d5 5. cxd5 exd5 6. Nc3 dxe4 7. fxe4 Ne7 8. Bc4
Ng6 9. Qb3 Qd7 10. Nge2 Ba6 11. O-O Bxc4 12. Qxc4 c6 13. Bf4 b5 14. Qb3 a5 15.
a4 b4 16. Bxb8 Rxb8 17. e5 Rc8 18. Ne4 Qd5 19. Qh3 Ra8 20. Ng5 Be7 21. Nxh7 Qe6
22. Qh5 Kd7 23. Rac1 Kc7 24. Ng3 Qd5 25. Nf5 Rae8 26. Nd6 Qxd4+ 27. Kh1 Bxd6 28.
exd6+ Kb6 29. Rfd1 Qe5 30. Qf3 c5 31. d7 Rxh7 32. g3 Rd8 33. Rd5 Rxh2+ 34. Kxh2
Qxb2+ 35. Kh3 Ne5 36. Rd6+ Kc7 37. Rxc5+ Kxd6 38. Qd5+ Ke7 39. Rc8 Nxd7 0-1

[Event "St Louis Summer B"]
[Site "Saint Louis USA"]
[Date "2018.05.17"]
[Round "3.5"]
[White "Ali Marandi, Cemil Can"]
[Black "Stukopin, Andrey"]
[Result "1/2-1/2"]
[WhiteTitle "GM"]
[BlackTitle "GM"]
[WhiteElo "2521"]
[BlackElo "2580"]
[WhiteFideId "6300529"]
[BlackFideId "24107131"]
[EventDate "2018.05.15"]

1. Nf3 Nf6 2. g3 g6 3. b3 Bg7 4. Bb2 b6 5. Bg2 Bb7 6. O-O O-O 7. c4 c5 8. Nc3
Nc6 9. d4 Nxd4 10. Nxd4 Bxg2 11. Kxg2 cxd4 12. Qxd4 d5 13. cxd5 e6 14. Rad1 Nxd5
15. Qd3 Nxc3 16. Bxc3 Qxd3 17. Rxd3 Rfc8 18. Bxg7 Kxg7 19. Rfd1 Rc2 20. R1d2
Rac8 21. h4 h5 22. e3 Kf6 23. Kf3 Rxd2 24. Rxd2 Ke7 25. Ke2 Rc7 26. Kf3 e5 27.
e4 Ke6 28. Ke3 Rc1 29. Kd3 Kd6 30. Rc2 Rxc2 31. Kxc2 1/2-1/2

[Event "St Louis Summer B"]
[Site "Saint Louis USA"]
[Date "2018.05.18"]
[Round "4.1"]
[White "Saduakassova, Dinara"]
[Black "Stukopin, Andrey"]
[Result "1/2-1/2"]
[WhiteTitle "IM"]
[BlackTitle "GM"]
[WhiteElo "2484"]
[BlackElo "2580"]
[WhiteFideId "13700090"]
[BlackFideId "24107131"]
[EventDate "2018.05.15"]

1. d4 Nf6 2. c4 e6 3. Nf3 d5 4. g3 Bb4+ 5. Bd2 Be7 6. Bg2 c6 7. Qc2 Nbd7 8. O-O
O-O 9. Bf4 a5 10. Rd1 Nh5 11. Bc1 b5 12. Ne5 Bb7 13. c5 f5 14. Nxd7 Qxd7 15. Nd2
Bc8 16. Nf3 Qc7 17. Bg5 Nf6 18. Bf4 Qd8 19. Ne5 Bd7 20. Nd3 Be8 21. Rac1 Ne4 22.
f3 Ng5 23. Nf2 Bh5 24. Re1 Nf7 25. e4 fxe4 26. fxe4 Bf6 27. exd5 exd5 28. Qd2
Ng5 29. Rc3 Ne4 30. Nxe4 dxe4 31. Bd6 Bg5 32. Qc2 b4 33. Rb3 Bf6 34. Rxe4 Bg6
35. Qc4+ Kh8 36. Re1 Bf7 37. d5 Re8 38. Rbe3 Rxe3 39. Rxe3 Bxb2 40. Re7 Bg8 41.
Qd3 cxd5 42. Bxd5 a4 43. Re2 a3 44. Rf2 Bf6 45. Rf3 Rc8 46. Bxg8 Qxg8 47. Qd2 b3
48. Rxb3 Bb2 49. Qd3 Qe6 50. Kg2 h6 51. Qe3 Qf5 52. Rd3 Qf7 53. Rb3 Qc4 54. Qd3
Qe6 55. Qe3 Qc4 56. Qd3 Qe6 57. Qe3 Qc4 58. Qd3 1/2-1/2

[Event "St Louis Summer B"]
[Site "Saint Louis USA"]
[Date "2018.05.18"]
[Round "4.2"]
[White "Ramirez, Alejandro"]
[Black "Ali Marandi, Cemil Can"]
[Result "1/2-1/2"]
[WhiteTitle "GM"]
[BlackTitle "GM"]
[WhiteElo "2572"]
[BlackElo "2521"]
[WhiteFideId "6500617"]
[BlackFideId "6300529"]
[EventDate "2018.05.15"]

1. e4 e6 2. d4 d5 3. exd5 exd5 4. Nf3 Bd6 5. Bd3 Nf6 6. O-O O-O 7. Bg5 Bg4 8.
Nbd2 Nbd7 9. c3 c6 10. Qc2 Qc7 11. Rae1 Rae8 12. Bh4 Bh5 13. Bg3 Bxg3 14. hxg3
Bg6 15. Rxe8 Rxe8 16. Re1 Rxe1+ 17. Nxe1 Qd8 18. Qd1 Bxd3 19. Nxd3 Qe7 20. Qe1
Qxe1+ 21. Nxe1 Kf8 22. f3 Ne8 23. Nd3 Nd6 24. Kf2 h5 25. Nf1 Ke7 26. Ne3 g6 27.
g4 hxg4 28. Nxg4 Nf6 29. Nxf6 Kxf6 30. Ke2 Ke7 31. Kf2 Kf6 1/2-1/2

[Event "St Louis Summer B"]
[Site "Saint Louis USA"]
[Date "2018.05.18"]
[Round "4.3"]
[White "Matsenko, Sergei"]
[Black "Belous, Vladimir"]
[Result "1-0"]
[WhiteTitle "GM"]
[BlackTitle "GM"]
[WhiteElo "2563"]
[BlackElo "2585"]
[WhiteFideId "4170083"]
[BlackFideId "4174003"]
[EventDate "2018.05.15"]

1. Nf3 Nf6 2. c4 e6 3. g3 d5 4. Bg2 dxc4 5. Qa4+ Nbd7 6. Qxc4 a6 7. Qc2 c5 8.
O-O b5 9. a4 Bb7 10. Nc3 b4 11. Nd1 c4 12. Ne3 Be4 13. Qxc4 Rc8 14. Qb3 Nc5 15.
Qd1 Be7 16. d3 Ba8 17. a5 O-O 18. Bd2 Rb8 19. Nc4 Rb5 20. Be3 Nd5 21. Bxc5 Rxc5
22. Nfd2 Nf6 23. Bxa8 Qxa8 24. Nb3 Rh5 25. e4 e5 26. Nb6 Qe8 27. Rc1 Bd8 28. Nc5
Rh6 29. Qa4 Ng4 30. Qxe8 Rxe8 31. f3 Nf6 32. Rc4 1-0

[Event "St Louis Summer B"]
[Site "Saint Louis USA"]
[Date "2018.05.18"]
[Round "4.4"]
[White "Dragun, Kamil"]
[Black "Aghasaryan, Robert"]
[Result "1/2-1/2"]
[WhiteTitle "GM"]
[BlackTitle "GM"]
[WhiteElo "2591"]
[BlackElo "2532"]
[WhiteFideId "1134167"]
[BlackFideId "13302841"]
[EventDate "2018.05.15"]

1. d4 d5 2. c4 e6 3. Nc3 Be7 4. cxd5 exd5 5. Bf4 c6 6. Qc2 Nf6 7. h3 g6 8. e3
Bf5 9. Bd3 Bxd3 10. Qxd3 Nbd7 11. Nf3 O-O 12. O-O Re8 13. Rab1 a5 14. a3 a4 15.
Qc2 b5 16. Rfe1 Rc8 17. Rbd1 Bf8 18. Nd2 Nb6 19. Be5 Nfd7 20. Bg3 Bg7 21. Nf3
Nc4 22. e4 dxe4 23. Nxe4 Ndb6 24. Ne5 f6 25. Ng4 Nd5 26. Nc5 f5 27. Ne5 f4 28.
Nxc4 Rxe1+ 29. Rxe1 fxg3 30. Ne5 Qh4 31. Nf3 1/2-1/2

[Event "St Louis Summer B"]
[Site "Saint Louis USA"]
[Date "2018.05.18"]
[Round "4.5"]
[White "Abrahamyan, Tatev"]
[Black "Friedel, Joshua"]
[Result "1/2-1/2"]
[WhiteTitle "WGM"]
[BlackTitle "GM"]
[WhiteElo "2366"]
[BlackElo "2562"]
[WhiteFideId "13301918"]
[BlackFideId "2017199"]
[EventDate "2018.05.15"]

1. e4 e5 2. Nf3 Nc6 3. Bc4 Bc5 4. O-O Nf6 5. d3 d6 6. c3 a6 7. Bb3 Ba7 8. Nbd2
O-O 9. h3 h6 10. Re1 Re8 11. Nf1 Be6 12. Ng3 Qd7 13. Bc2 d5 14. Qe2 Rad8 15. Nh4
dxe4 16. dxe4 Bxh3 17. gxh3 Qxh3 18. Nhf5 Ng4 19. Be3 Qh2+ 20. Kf1 Qh3+ 21. Kg1
Qh2+ 22. Kf1 Qh3+ 23. Kg1 Qh2+ 1/2-1/2

[Event "St Louis Summer B"]
[Site "Saint Louis USA"]
[Date "2018.05.19"]
[Round "5.1"]
[White "Friedel, Joshua"]
[Black "Saduakassova, Dinara"]
[Result "1-0"]
[WhiteTitle "GM"]
[BlackTitle "IM"]
[WhiteElo "2562"]
[BlackElo "2484"]
[WhiteFideId "2017199"]
[BlackFideId "13700090"]
[EventDate "2018.05.15"]

1. d4 Nf6 2. c4 e6 3. Nc3 Bb4 4. g3 O-O 5. Bg2 d5 6. Nf3 dxc4 7. a3 Bxc3+ 8.
bxc3 Nbd7 9. a4 c6 10. O-O b6 11. Nd2 Ba6 12. Bxc6 Rc8 13. Bb5 Bxb5 14. axb5 Qc7
15. Ra4 Qb7 16. Nxc4 Ne4 17. Qd3 Rfd8 18. Ra3 e5 19. f3 Qc7 20. fxe4 Qxc4 21.
Rxa7 f6 22. Qxc4+ Rxc4 23. Ba3 Kf7 24. Rd1 Ke8 25. dxe5 Rxe4 26. exf6 Nxf6 27.
Rxd8+ Kxd8 28. Rxg7 Rxe2 29. Kf1 Re6 30. c4 h5 31. Rg6 Kd7 32. Bb2 Ng4 33. Rxe6
Kxe6 34. Bd4 Nxh2+ 35. Ke2 Ng4 36. Kd3 Kd6 37. Bxb6 Ne5+ 38. Kc3 Nd7 39. Bd4 1-0

[Event "St Louis Summer B"]
[Site "Saint Louis USA"]
[Date "2018.05.19"]
[Round "5.2"]
[White "Aghasaryan, Robert"]
[Black "Abrahamyan, Tatev"]
[Result "1/2-1/2"]
[WhiteTitle "GM"]
[BlackTitle "WGM"]
[WhiteElo "2532"]
[BlackElo "2366"]
[WhiteFideId "13302841"]
[BlackFideId "13301918"]
[EventDate "2018.05.15"]

1. g3 c5 2. Bg2 Nc6 3. b3 d5 4. Nf3 e5 5. O-O Nf6 6. d3 Be7 7. c4 O-O 8. Nc3 d4
9. Na4 Bf5 10. Bg5 Nd7 11. Bxe7 Qxe7 12. e3 Qd6 13. exd4 exd4 14. Nh4 Be6 15. f4
Nf6 16. h3 Rae8 17. g4 h6 18. Qd2 Bd7 19. Rae1 b6 20. Nb2 Ne7 21. Nd1 Ng6 22.
Nxg6 fxg6 23. Nf2 Rxe1 24. Rxe1 Bc6 25. Bxc6 Qxc6 26. Ne4 Re8 27. Nxf6+ gxf6 28.
Rxe8+ Qxe8 29. Kf2 Kf7 30. Qe2 Qxe2+ 31. Kxe2 1/2-1/2